Every Ski Resort In Iowa - Statistics

General Stats
  • This quiz has been taken 5 times
  • The average score is 4 of 5
Answer Stats
Resorts % Correct
Seven Oaks Recreation Area
100%
Sleepy Hollow Sports Park
100%
Mt. Crescent Ski Area
75%
Sundown Mountain
75%
Horseshoe Bend
25%
No matching quizzes found
Score Distribution
Percent of People with Each Score
Percentile by Number Answered
Your Score History
You have not taken this quiz